Comparative histories of crime
| Beteiligte: | ; ; |
|---|---|
| Medienart: | Druck Buch |
| Sprache: | Englisch |
| Veröffentlicht: |
Cullompton [u.a.]
Willan
2003
|
| In: | Jahr: 2003 |
| Ausgabe: | 1. publ. |
| Online-Zugang: |
Autorenbiografie (Verlag) Book review (H-Net) Inhaltsverzeichnis |
| Bestand in Tübingen: | In Tübingen vorhanden. UB: KB 20 A 15 |
| Verfügbarkeit prüfen: | HBZ Gateway |
| Subito Bestelldienst: | Jetzt bestellen. |
| Schlagwörter: |
MARC
| LEADER | 00000cam a2200000 c 4500 | ||
|---|---|---|---|
| 001 | 36870744X | ||
| 003 | DE-627 | ||
| 005 | 20251223202409.0 | ||
| 007 | tu | ||
| 008 | 030715s2003 xxk||||| 00| ||eng c | ||
| 010 | |a 2004272994 | ||
| 016 | 7 | |a 1843920379 |2 UK | |
| 020 | |a 1843920379 |9 1-84392-037-9 | ||
| 020 | |a 1843920360 |c : £18.99 (pbk.) |9 1-84392-036-0 | ||
| 020 | |a 1843920379 |9 1-84392-037-9 | ||
| 020 | |a 1843920360 |9 1-84392-036-0 | ||
| 035 | |a (DE-627)36870744X | ||
| 035 | |a (DE-576)106112937 | ||
| 035 | |a (DE-599)GBV36870744X | ||
| 035 | |a (OCoLC)249345641 | ||
| 035 | |a (OCoLC)249345641 | ||
| 035 | |a (DE-604)BV019359574 | ||
| 040 | |a DE-627 |b ger |c DE-627 |e rakwb | ||
| 041 | |a eng | ||
| 044 | |c XA-GB |c XD-US | ||
| 050 | 0 | |a HV6233 | |
| 082 | 0 | |a 364.9 |2 21 | |
| 084 | |a NT 3900 |q BVB |2 rvk |0 (DE-625)rvk/131062: | ||
| 084 | |a 71.65 |2 bkl | ||
| 245 | 0 | 0 | |a Comparative histories of crime |c ed. by Barry S. Godfrey; Clive Emsley; Graeme Dunstall |
| 250 | |a 1. publ. | ||
| 263 | |a (pbk.) : £18.99 | ||
| 264 | 1 | |a Cullompton [u.a.] |b Willan |c 2003 | |
| 300 | |a XIV, 222 S |b graph. Darst |c 24 cm. | ||
| 336 | |a Text |b txt |2 rdacontent | ||
| 337 | |a ohne Hilfsmittel zu benutzen |b n |2 rdamedia | ||
| 338 | |a Band |b nc |2 rdacarrier | ||
| 500 | |a Includes bibliographical references and index | ||
| 583 | 1 | |a Archivierung prüfen |c 20200919 |f DE-640 |z 2 |2 pdager | |
| 650 | 0 | |a Crime |x History | |
| 650 | 0 | |a Crime |x History |v Cross-cultural studies | |
| 650 | 4 | |a Crime |x History | |
| 650 | 4 | |a Crime |x History |x Cross-cultural studies | |
| 655 | 7 | |a Aufsatzsammlung |0 (DE-588)4143413-4 |0 (DE-627)105605727 |0 (DE-576)209726091 |2 gnd-content | |
| 689 | 0 | 0 | |d s |0 (DE-588)4033178-7 |0 (DE-627)10458503X |0 (DE-576)209000511 |a Kriminalität |2 gnd |
| 689 | 0 | 1 | |a z |2 gnd |a Geschichte 1750-2000 |
| 689 | 0 | |5 DE-101 | |
| 689 | 1 | 0 | |d s |0 (DE-588)4033178-7 |0 (DE-627)10458503X |0 (DE-576)209000511 |a Kriminalität |2 gnd |
| 689 | 1 | 1 | |a z |2 gnd |a Geschichte 1750-2000 |
| 689 | 1 | |5 (DE-627) | |
| 700 | 1 | |a Godfrey, Barry S. |e Hrsg. |0 (DE-588)1043796592 |0 (DE-627)770936636 |0 (DE-576)186703112 |4 edt | |
| 700 | 1 | |8 1\p |a Emsley, Clive |d 1944-2020 |0 (DE-588)128653698 |0 (DE-627)37742921X |0 (DE-576)160861969 |4 oth | |
| 700 | 1 | |a Dunstall, Graeme |4 oth | |
| 856 | 4 | 2 | |u http://www.gbv.de/dms/hbz/toc/ht014826689.pdf |m V:DE-605 |q pdf/application |v 2008-11-15 |x Verlag |y Inhaltsverzeichnis |3 Inhaltsverzeichnis |7 1 |
| 856 | 4 | 2 | |u http://www.loc.gov/catdir/enhancements/fy1113/2004272994-b.html |x Verlag |3 Autorenbiografie |7 1 |
| 856 | 4 | 2 | |u http://www.h-net.org/reviews/showrev.php?id=10136 |v 2016-07-07 |x Verlag |y Book review (H-Net) |7 1 |
| 883 | |8 1\p |a cgwrk |d 20241001 |q DE-101 |u https://d-nb.info/provenance/plan#cgwrk | ||
| 935 | |i Blocktest | ||
| 936 | r | v | |a NT 3900 |b Strafrecht und Strafprozess (Strafvollzug) |k Geschichte |k Allgemeine Rechts-, Verfassungs- und Verwaltungsgeschichte |k Darstellungen zur Rechts-, Verfassungs- und Verwaltungsgeschichte |k Geschichte einzelner Rechtsinstitute |k Strafrecht und Strafprozess (Strafvollzug) |0 (DE-627)1271538547 |0 (DE-625)rvk/131062: |0 (DE-576)201538547 |
| 936 | b | k | |a 71.65 |j Kriminalität als soziales Problem |0 (DE-627)106412248 |
| 951 | |a BO | ||
| ELC | |b 1 | ||
| LOK | |0 000 xxxxxcx a22 zn 4500 | ||
| LOK | |0 001 3117791000 | ||
| LOK | |0 003 DE-627 | ||
| LOK | |0 004 36870744X | ||
| LOK | |0 005 20031120000000 | ||
| LOK | |0 008 031120||||||||||||||||ger||||||| | ||
| LOK | |0 040 |a DE-21 |c DE-627 |d DE-21 | ||
| LOK | |0 852 |a DE-21 | ||
| LOK | |0 852 1 |c KB 20 A 15 |9 00 | ||
| LOK | |0 935 |a krim | ||
| LOK | |0 936ln |a k1.5 | ||
| LOK | |0 939 |a 20-11-03 |b l01 | ||
| ORI | |a SA-MARC-krimdoka001.raw | ||
| SIG | |a UB: KB 20 A 15 | ||
| TIM | |a 100017500101_100020001231 |b Geschichte 1750-2000 | ||
